[Event "COL-ch deaf 2nd"]
[Site "Cali"]
[Date "2008.??.??"]
[Round "2.8"]
[White "Barrios Rojas, Duberney"]
[Black "Maldonado, Cesar Augusto"]
[Result "1-0"]
[WhiteElo "1600"]
[BlackElo "1600"]
[PlyCount "25"]
[EventDate "2008.10.25"]
[EventType "tourn"]
[EventRounds "7"]
[EventCountry "COL"]
[SourceTitle "EXT 2024"]
[Source "ChessBase"]
[SourceDate "2023.10.10"]
[SourceVersion "1"]
[SourceVersionDate "2023.10.10"]
[SourceQuality "1"]

1. e4 e5 2. Nf3 Nc6 3. Bc4 Nf6 4. c3 Bc5 5. d4 exd4 6. cxd4 Bb4+ 7. Nc3 d6 8. d5 Ne5 9. Bb3 Bc5 10. 0-0 Nfg4 11. Bf4 Qf6 12. Ne2 b6 13. h3 1-0

[Event "COL-ch deaf 2nd"]
[Site "Cali"]
[Date "2008.??.??"]
[Round "7.10"]
[White "Coronado Brito, Armando Jose"]
[Black "Maldonado, Cesar Augusto"]
[Result "0-1"]
[WhiteElo "1600"]
[BlackElo "1600"]
[PlyCount "35"]
[EventDate "2008.10.25"]
[EventType "tourn"]
[EventRounds "7"]
[EventCountry "COL"]
[SourceTitle "EXT 2024"]
[Source "ChessBase"]
[SourceDate "2023.10.10"]
[SourceVersion "1"]
[SourceVersionDate "2023.10.10"]
[SourceQuality "1"]

1. e4 e5 2. Nf3 Nc6 3. d3 Bc5 4. Bg5 Be7 5. Be3 Bb4+ 6. c3 Be7 7. d4 d6 8. Bc4 Nf6 9. Nfd2 Bg4 10. f3 Be6 11. b4 exd4 12. Bxd4 Nxd4 13. Bb5+ Bd7 14. Qa4 Nc6 15. a3 d5 16. exd5 Nxd5 17. Be2 b6 18. Bc4 0-1

[Event "COL-ch deaf 2nd"]
[Site "Cali"]
[Date "2008.??.??"]
[Round "3.12"]
[White "Maldonado, Cesar Augusto"]
[Black "Trejos, Fernando"]
[Result "0-1"]
[WhiteElo "1600"]
[BlackElo "1600"]
[PlyCount "81"]
[EventDate "2008.10.25"]
[EventType "tourn"]
[EventRounds "7"]
[EventCountry "COL"]
[SourceTitle "EXT 2024"]
[Source "ChessBase"]
[SourceDate "2023.10.10"]
[SourceVersion "1"]
[SourceVersionDate "2023.10.10"]
[SourceQuality "1"]

1. e4 e5 2. Nc3 Nf6 3. Nf3 Nc6 4. h3 Bc5 5. Bc4 0-0 6. d3 d6 7. a3 a6 8. 0-0 b5 9. Bd5 Bd7 10. Bd2 Rb8 11. b4 Bd4 12. Rb1 Bxc3 13. Bxc3 Na7 14. Qe2 c6 15. Bb3 Rc8 16. d4 exd4 17. Bxd4 c5 18. Be3 Nxe4 19. Bd5 Nc3 20. Qe1 Nxd5 21. Qd2 Be6 22. Qd3 c4 23. Qe4 Nc3 24. Qd4 Nxb1 25. Rxb1 Nc6 26. Qe4 Qf6 27. Bg5 Bf5 28. Qf4 Qg6 29. g4 Bxc2 30. Re1 f6 31. Nh4 Qxg5 32. Qxd6 Qxh4 33. Qg3 Qg5 34. f4 Qd5 35. Qe3 Rce8 36. Qd2 Qd4+ 37. Qf2 Rxe1+ 38. Kg2 Be4+ 39. Kg3 Rg1+ 40. Qg2 Rxg2+ 41. Kh4 0-1

[Event "COL-ch deaf 2nd"]
[Site "Cali"]
[Date "2008.??.??"]
[Round "1.14"]
[White "Maldonado, Cesar Augusto"]
[Black "Valle, Celio"]
[Result "0-1"]
[WhiteElo "1600"]
[BlackElo "1600"]
[PlyCount "46"]
[EventDate "2008.10.25"]
[EventType "tourn"]
[EventRounds "7"]
[EventCountry "COL"]
[SourceTitle "EXT 2024"]
[Source "ChessBase"]
[SourceDate "2023.10.10"]
[SourceVersion "1"]
[SourceVersionDate "2023.10.10"]
[SourceQuality "1"]

1. e4 e5 2. Nf3 Nc6 3. Nc3 Nf6 4. Bc4 Be7 5. Ng5 0-0 6. Nf3 d6 7. d3 Bg4 8. h3 Bh5 9. a3 Nd4 10. Be3 Nxf3+ 11. gxf3 c6 12. Qd2 Bxf3 13. Rg1 d5 14. exd5 cxd5 15. Bxd5 Nxd5 16. Rg3 Bh5 17. Rg5 Bxg5 18. Bxg5 f6 19. Be3 Nf4 20. Nb5 Qd7 21. a4 Qxh3 22. Qc3 Qf3 23. Qd2 Qh1# 0-1

[Event "COL-ch deaf 2nd"]
[Site "Cali"]
[Date "2008.??.??"]
[Round "4.14"]
[White "Mejia, Fabian Manuel"]
[Black "Maldonado, Cesar Augusto"]
[Result "1-0"]
[WhiteElo "1600"]
[BlackElo "1600"]
[PlyCount "37"]
[EventDate "2008.10.25"]
[EventType "tourn"]
[EventRounds "7"]
[EventCountry "COL"]
[SourceTitle "EXT 2024"]
[Source "ChessBase"]
[SourceDate "2023.10.10"]
[SourceVersion "1"]
[SourceVersionDate "2023.10.10"]
[SourceQuality "1"]

1. e4 e5 2. Nf3 Nc6 3. Bc4 Nh6 4. d3 Qe7 5. Bd2 Qc5 6. Be3 Qb4+ 7. Bd2 Qxb2 8. Nc3 Nd4 9. Nxd4 exd4 10. Rb1 Qa3 11. 0-0 dxc3 12. Bf4 Bd6 13. e5 Bc5 14. Qf3 d6 15. Rbe1 Bg4 16. exd6+ Kd7 17. Re7+ Kd8 18. Qxb7 Bc8 19. Qxc7# 1-0

[Event "COL-ch deaf 2nd"]
[Site "Cali"]
[Date "2008.??.??"]
[Round "6.13"]
[White "Padilla, Osnaider Manuel"]
[Black "Maldonado, Cesar Augusto"]
[Result "0-1"]
[WhiteElo "1600"]
[BlackElo "1600"]
[PlyCount "35"]
[EventDate "2008.10.25"]
[EventType "tourn"]
[EventRounds "7"]
[EventCountry "COL"]
[SourceTitle "EXT 2024"]
[Source "ChessBase"]
[SourceDate "2023.10.10"]
[SourceVersion "1"]
[SourceVersionDate "2023.10.10"]
[SourceQuality "1"]

1. e4 e5 2. Nf3 Nc6 3. Nc3 Bc5 4. Bc4 Nf6 5. d3 d6 6. Bg5 h6 7. Bh4 g5 8. Bg3 Ng4 9. 0-0 h5 10. Qd2 h4 11. h3 hxg3 12. hxg4 gxf2+ 13. Rxf2 Bxg4 14. Nxg5 Qf6 15. Bxf7+ Ke7 16. Nd5+ Kd7 17. Be6+ Bxe6 18. Nxe6 0-1